000 00603nam a2200181 i 4500
001 22474
003 ES-MaACL
005 20250713063706.0
007 t|
008 021203s1978 sp ||||1| spa d
100 1 _aAltabella, José,
_d1921-1995
_920504
245 1 0 _aLhardy, panorama histórico de un restaurante romántico
_b: 1839-1978 /
_cJosé Altabella.
260 _aMadrid :
_bEl autor,
_c1978 (
_fImp. Ideal)
300 _a327 p., 18 lám. :
_bil. ;
_c25 cm.
610 2 4 _aLhardy (Restaurante)-
_vHistoria.
_9161033
852 _aES-MaACL
_jA-8337
_bR.97567
999 _c22474
_d22474